000
00428 a2200205 4500
260
_a
Paris
100
_a
CIBERT, André
260
_b
Dunod
245
_a
Comptabilité générale
300
_a
XVI-450 p.
650
_a
Comptabilité
260
_c
1980
300
_b
ill.
130
_l
Fr.
440
_a
Université et Technique
250
_a
6ème éd.
020
_a
2-04-011147-6
999
_c
25075
_d
25075